Catálogo

¿Cómo crece y se nutre una planta de maíz? / (Registro nro. 37496)

Detalles MARC
000 -LEADER
fixed length control field 01458nam a2200361 i 4500
001 - CONTROL NUMBER
control field 37496
003 - CONTROL NUMBER IDENTIFIER
control field Mx-PuUPA
005 - DATE AND TIME OF LATEST TRANSACTION
control field 20251112150405.0
008 - FIXED-LENGTH DATA ELEMENTS--GENERAL INFORMATION
fixed length control field 140415s2020 mx a gr 001 0 spa d
020 ## - INTERNATIONAL STANDARD BOOK NUMBER
International Standard Book Number 9786079851705
040 ## - CATALOGING SOURCE
Transcribing agency Mx-PuUPA
Original cataloging agency Mx-PuUPA
Language of cataloging spa
Modifying agency Mx-PuUPA
Description conventions rda
041 0# - LANGUAGE CODE
Language code of text/sound track or separate title spa
100 1# - MAIN ENTRY--PERSONAL NAME
Personal name Castellanos, Javier Z.,
Relator term autor
9 (RLIN) 17695
245 10 - TITLE STATEMENT
Title ¿Cómo crece y se nutre una planta de maíz? /
Statement of responsibility, etc. Javier Z. Castellanos, Jorge D. Etchevers Barra, Miguel Peña Datoli, [y otros cinco], autores
250 ## - EDITION STATEMENT
Edition statement Segunda edición /
Remainder of edition statement julio
264 #1 - PRODUCTION, PUBLICATION, DISTRIBUTION, MANUFACTURE, AND COPYRIGHT NOTICE
Place of production, publication, distribution, manufacture Guanajuato, México :
Name of producer, publisher, distributor, manufacturer Fertilab,
Date of production, publication, distribution, manufacture, or copyright notice 2020
300 ## - PHYSICAL DESCRIPTION
Extent xi, 138 páginas :
Other physical details ilustraciones, fotografías (a color) ;
Dimensions 29 cm +
Accompanying material 1 hoja numerada
336 ## - CONTENT TYPE
Fuente rdacontent
Content type term texto
Content type code txt
337 ## - MEDIA TYPE
Source rdamedia
Media type term sin medio
Media type code n
338 ## - CARRIER TYPE
Source rdacarrier
Carrier type term volumen
Carrier type code nc
650 #7 - SUBJECT ADDED ENTRY--TOPICAL TERM
Source of heading or term armarc
Topical term or geographic name entry element Maíz
General subdivision Desarrollo
650 #7 - SUBJECT ADDED ENTRY--TOPICAL TERM
Source of heading or term armarc
Topical term or geographic name entry element Maíz
General subdivision Plantas
-- Nutrición
650 #7 - SUBJECT ADDED ENTRY--TOPICAL TERM
Source of heading or term armarc
Topical term or geographic name entry element Maíz híbrido
650 #7 - SUBJECT ADDED ENTRY--TOPICAL TERM
Source of heading or term armarc
Topical term or geographic name entry element Fisiología vegetal
650 #7 - SUBJECT ADDED ENTRY--TOPICAL TERM
Source of heading or term armarc
Topical term or geographic name entry element Crecimiento (Plantas)
General subdivision Maíz
700 1# - ADDED ENTRY--PERSONAL NAME
Personal name Etchevers Barra, Jorge D.,
Relator term autor
700 1# - ADDED ENTRY--PERSONAL NAME
Personal name Peña Datoli, Miguel,
Relator term autor
942 ## - ADDED ENTRY ELEMENTS (KOHA)
Source of classification or shelving scheme Dewey Decimal Classification
Koha item type Libro
Classification part 633.158
Item part C33
Existencias
Withdrawn status Lost status Source of classification or shelving scheme Damaged status Not for loan Collection code Home library Current library Shelving location Date acquired Source of acquisition Cost, normal purchase price Total Checkouts Full call number Barcode Date last seen Cost, replacement price Price effective from Koha item type
    Dewey Decimal Classification     General Biblioteca Karol Wojtyla Biblioteca Karol Wojtyla Sala general 12/11/2025 32 725.00   633.158 C33 2020 106240 05/01/2026 725.00 12/11/2025 Libro